000 00567nam a2200193 i 4500
001 101016
003 ES-MaACL
005 20250828063249.0
007 t|
008 051010s1918 fr ||||1| fre d
100 1 _aMauclair, Camille,
_d1872-1945
_979178
245 1 0 _aAuguste Rodin
_b: l'homme et l'oeuvre /
_cCamille Mauclair.
260 _aParis :
_bLa Renaissance du livre,
_c1918.
300 _aVIII, 136 p. ;
_c19 cm.
600 1 4 _aRodin, Auguste.
_998144
852 _aES-MaACL
_jG-8810
852 _aES-MaACL
_jF-6891
999 _c101016
_d101016